Представление документа в формате MARC21

Поле Инд. ПП Название Значение
Тип записи a
Библиографический уровень b
001 Контрольный номер RU/IS/BASE/148578238
005 Дата корректировки 20200526074522.2
084 a Индекс другой классификации/Индекс ББК 60.561.26; 60.523
100 1_ a Автор Ростовцева Л. И.
245 a Заглавие Потребительская культура: между гедонизмом и аскетизмом
504 a Библиография Библиогр. ссылки. - Примеч.
650 a Основная рубрика социология
a Основная рубрика социология культуры
a Основная рубрика экономическая социология
653 a Ключевые слова аскетизм
a Ключевые слова гедонизм
a Ключевые слова духовные ценности
a Ключевые слова культура потребления
a Ключевые слова культурные ценности
a Ключевые слова нравственные ценности
a Ключевые слова поведение потребителя
a Ключевые слова потребительская культура
a Ключевые слова потребительская политика
a Ключевые слова потребительское образование
a Ключевые слова социализация потребительская
a Ключевые слова типы потребительской культуры
a Ключевые слова ценности потребительской культуры
773 t Заглавие источника Вестник Московского университета. Серия 18, Социология и политология
d Дата издания источника 2002
g Прочая информация № 4. - С. 87 - 101
w Контрольный № источника RU/IS/BASE/148578004
901 t Тип документа b